000 00477nam a22001697a 4500
999 _c1175
_d1175
005 20211004131809.0
008 160520b xxu||||| |||| 00| 0 eng d
020 _a978-81-203-0752-0
041 _aeng
082 _b3432
100 _aHELFRICK ALBERT D , WILLIAM D COOPER
_96946
245 _aMODERN ELECTRONIC INSTRMENTATION AND MEASUREMENT TECHNIQUES
260 _aNew Delhi
_bPHI learning Pvt. Ltd.
300 _a442
650 _aDIPLOMA ENGINEERING
_9817
942 _cBK